<The> Consumer Behavior of Young Slovak Consumers (Under the Age of 25) in the Private Label Market
Spotrebiteľské správanie, faktory ovplyvňujúce nákupný proces spotrebiteľov, proces spotrebiteľského rozhodovania a pod. v oblasti privátnych značiek. Skúmanie toho, ako vnímajú respondenti vo veku do 25 rokov privátne značky, či ich nakupujú, sú ich konečným užívateľom a pod. Zameranie na segment m...
Gespeichert in:
| 1. Verfasser: | |
|---|---|
| Weitere Verfasser: | |
| Format: | Buchkapitel |
| Sprache: | Englisch |
| Schlagworte: | |
| Tags: |
Keine Tags, Fügen Sie das erste Tag hinzu!
|
MARC
| LEADER | 00000naa a2200000 4500 | ||
|---|---|---|---|
| 001 | 0273821 | ||
| 005 | 20210520121636.2 | ||
| 041 | 0 | |a eng | |
| 044 | |a SK | ||
| 245 | 1 | 0 | |a <The> Consumer Behavior of Young Slovak Consumers (Under the Age of 25) in the Private Label Market |c Ingrida Košičiarová, Zdenka Kádeková |
| 520 | |a Spotrebiteľské správanie, faktory ovplyvňujúce nákupný proces spotrebiteľov, proces spotrebiteľského rozhodovania a pod. v oblasti privátnych značiek. Skúmanie toho, ako vnímajú respondenti vo veku do 25 rokov privátne značky, či ich nakupujú, sú ich konečným užívateľom a pod. Zameranie na segment mliečnych produktov. | ||
| 610 | 2 | 0 | |a správanie spotrebiteľa |
| 610 | 2 | 0 | |a značky privátne |
| 610 | 2 | 0 | |a produkty |
| 610 | 2 | 0 | |a mlieko |
| 610 | 2 | 0 | |a spotrebitelia |
| 100 | 1 | |a Košičiarová, Ingrida | |
| 700 | 1 | |a Kádeková, Zdenka | |